000 00756cam a22001934a 4500
005 20250605164401.0
008 250528s ||||||||||||||||||||||||d
035 _a24591
040 _aGR-AtMCL
_bgre
_dGR-AtMCL
_eAACR2
245 1 _aΣυστήματα Διαχείρισης και Πρόσβασης Εισόδου
260 _c2019
300 _a104
520 _a4ο Συνέδριο Security Project Cyprus 2019, SICUREZZA 2019, Υλοποιώντας Έργα με Συστήματα Αναγνώρισης Πινακίδων - LPR, KNX και Σύστημα Συναγερμού.
700 1 _aΑμανατίδης Βλάσης
_99485
700 1 _aΝόστης Κώστας
_99486
942 _cCR
999 _c9461
_d9461